Nonlinear functional analysis: fixed point theory and its applications
-д хадгалсан:
| Үндсэн зохиолч: | |
|---|---|
| Формат: | Ном |
| Хэл сонгох: | англи |
| Хэвлэсэн: |
Yokohama
Yokohama Publishers
2000
|
| Нөхцлүүд: | |
| Шошгууд: |
Шошго нэмэх
Шошго байхгүй, Энэхүү баримтыг шошголох эхний хүн болох!
|
MARC
| LEADER | 00000nam a2200000 a 4500 | ||
|---|---|---|---|
| 001 | UCH0588 | ||
| 003 | CL-VaPUC | ||
| 008 | 090320e20000000JA |||||||||||||||||eng|d | ||
| 020 | |a 4946552049 | ||
| 082 | 0 | 4 | |a 515.7 |b TAK |2 21 |
| 100 | 0 | |a Takahashi, Wataru |e author |9 534819 | |
| 245 | 1 | 0 | |a Nonlinear functional analysis: fixed point theory and its applications |
| 300 | |a 276 p | ||
| 942 | |c BK | ||
| 945 | |d 20090320 00:00:00 |a rbrito | ||
| 260 | |a Yokohama |b Yokohama Publishers |c 2000 | ||
| 650 | 0 | |a Análisis funcional no lineal |9 270038 | |
| 583 | |a last modification |c 20140401 10:49:55 |k Rodrigo Vera | ||
| 999 | |c 332871 |d 332869 | ||
| 952 | |0 0 |1 0 |4 0 |6 515_700000000000000_TAK_2000 |7 0 |8 A |9 420914 |a BIBMAT |b BIBMAT |d 2019-11-22 |i 4520890 |o 515.7 TAK 2000 |p 4520890 |r 2025-01-07 |w 2019-11-22 |y BK |k MAT | ||